<?xml version="1.0" encoding="UTF-8"?>
<record
    xmlns:xsi="http://www.w3.org/2001/XMLSchema-instance"
    xsi:schemaLocation="http://www.loc.gov/MARC21/slim http://www.loc.gov/standards/marcxml/schema/MARC21slim.xsd"
    xmlns="http://www.loc.gov/MARC21/slim">

  <leader>02427nam a22002897a 4500</leader>
  <controlfield tag="003">DO-CoUTE</controlfield>
  <controlfield tag="005">20260511144536.0</controlfield>
  <controlfield tag="008">260511b        dr ||||| |||| 00| 0 spa d</controlfield>
  <datafield tag="040" ind1=" " ind2=" ">
    <subfield code="a">DO-CoUTE</subfield>
    <subfield code="b">spa</subfield>
    <subfield code="c">DO-CoUTE</subfield>
  </datafield>
  <datafield tag="041" ind1=" " ind2=" ">
    <subfield code="a">spa</subfield>
  </datafield>
  <datafield tag="092" ind1=" " ind2=" ">
    <subfield code="a">ING 2026 N85</subfield>
  </datafield>
  <datafield tag="100" ind1="1" ind2=" ">
    <subfield code="a">N&#xFA;&#xF1;ez N&#xFA;&#xF1;ez, Jos&#xE9; Osvaldo</subfield>
    <subfield code="e">Sustentante </subfield>
  </datafield>
  <datafield tag="245" ind1="1" ind2="0">
    <subfield code="a">An&#xE1;lisis y Dise&#xF1;o de Estructuras Sismorresistentes en Zonas Vulnerables. / </subfield>
    <subfield code="c">Jos&#xE9; Osvaldo N&#xFA;&#xF1;ez N&#xFA;&#xF1;ez, Bryan Emmanuel S&#xE1;nchez Vargas, Luis &#xC1;ngel D&#xED;az Rosario, Dilbania Mercedes Reynoso Santiago ; Asesor, Luis Manuel N&#xFA;&#xF1;ez.</subfield>
  </datafield>
  <datafield tag="260" ind1=" " ind2=" ">
    <subfield code="a">Cotu&#xED;, Rep&#xFA;blica Dominicana  ; </subfield>
    <subfield code="b">UTECO, </subfield>
    <subfield code="c">2026</subfield>
  </datafield>
  <datafield tag="300" ind1=" " ind2=" ">
    <subfield code="a">81 Hojas : </subfield>
    <subfield code="b">Graficos, </subfield>
    <subfield code="c">23cm, </subfield>
    <subfield code="e">+ 1 CD-ROM </subfield>
  </datafield>
  <datafield tag="502" ind1=" " ind2=" ">
    <subfield code="a">Trabajo de Grado (Ingeniero Civil ) Universidad Tecnol&#xF3;gica del Cibao Oriental, 2026.
</subfield>
  </datafield>
  <datafield tag="504" ind1=" " ind2=" ">
    <subfield code="a"> Incluye referencia bibliogr&#xE1;fica e &#xED;ndice.
</subfield>
  </datafield>
  <datafield tag="520" ind1=" " ind2=" ">
    <subfield code="a">Este proyecto de investigaci&#xF3;n estuvo orientado a evaluar la vulnerabilidad s&#xED;smica de
edificaciones ubicadas en zonas vulnerables del municipio de Cotu&#xED;, provincia S&#xE1;nchez Ram&#xED;rez,
y a proponer soluciones de dise&#xF1;o sismorresistente conforme al Reglamento S&#xED;smico Dominicano
R-001. El estudio consider&#xF3; las condiciones geol&#xF3;gicas y constructivas propias de la zona.
La metodolog&#xED;a utilizada fue de enfoque cuantitativo, con un dise&#xF1;o no experimental y
descriptivo, apoyada en investigaci&#xF3;n documental y de campo. La recolecci&#xF3;n de datos se realiz&#xF3;
mediante un cuestionario aplicado a edificaciones seleccionadas, cuyos resultados permitieron
identificar deficiencias estructurales relacionadas con la falta de criterios sismorresistentes y la
antig&#xFC;edad de las construcciones.
A partir de los resultados obtenidos, se desarroll&#xF3; una propuesta de dise&#xF1;o y modelado
estructural utilizando software especializado, con el objetivo de mejorar el desempe&#xF1;o s&#xED;smico de
las edificaciones y reducir el riesgo estructural, contribuyendo a la protecci&#xF3;n de vidas humanas</subfield>
  </datafield>
  <datafield tag="650" ind1=" " ind2="4">
    <subfield code="a">Dise&#xF1;o de estructura sismorresistente </subfield>
  </datafield>
  <datafield tag="700" ind1="1" ind2=" ">
    <subfield code="a">Jos&#xE9; Osvaldo N&#xFA;&#xF1;ez N&#xFA;&#xF1;ez</subfield>
    <subfield code="e">Sustentante </subfield>
  </datafield>
  <datafield tag="700" ind1="1" ind2=" ">
    <subfield code="a">Bryan Emmanuel S&#xE1;nchez Vargas </subfield>
    <subfield code="e">Sustentante </subfield>
  </datafield>
  <datafield tag="700" ind1="1" ind2=" ">
    <subfield code="a">Luis &#xC1;ngel D&#xED;az Rosario</subfield>
    <subfield code="e">Sustentante </subfield>
  </datafield>
  <datafield tag="700" ind1="1" ind2=" ">
    <subfield code="a">Luis Manuel N&#xFA;&#xF1;ez.</subfield>
    <subfield code="e">Asesor </subfield>
  </datafield>
  <datafield tag="830" ind1=" " ind2=" ">
    <subfield code="a">Tesis y disertaciones acad&#xE9;micas (Universidad Tecnol&#xF3;gica del Cibao Oriental)</subfield>
  </datafield>
  <datafield tag="856" ind1=" " ind2=" ">
    <subfield code="y">Haga Click Aqu&#xED; para Descargar en Texto Completo</subfield>
  </datafield>
  <datafield tag="942" ind1=" " ind2=" ">
    <subfield code="2">ddc</subfield>
    <subfield code="c">TH</subfield>
  </datafield>
  <datafield tag="999" ind1=" " ind2=" ">
    <subfield code="c">24184</subfield>
    <subfield code="d">24184</subfield>
  </datafield>
  <datafield tag="952" ind1=" " ind2=" ">
    <subfield code="0">0</subfield>
    <subfield code="1">0</subfield>
    <subfield code="2">ddc</subfield>
    <subfield code="4">0</subfield>
    <subfield code="7">0</subfield>
    <subfield code="8">eT</subfield>
    <subfield code="a">BU</subfield>
    <subfield code="b">BU</subfield>
    <subfield code="c">GEN</subfield>
    <subfield code="d">2026-05-11</subfield>
    <subfield code="i">24184</subfield>
    <subfield code="l">0</subfield>
    <subfield code="o">ING 2026 N85</subfield>
    <subfield code="p">24184</subfield>
    <subfield code="r">2026-05-11 14:46:28</subfield>
    <subfield code="t">Ej.1</subfield>
    <subfield code="w">2026-05-11</subfield>
    <subfield code="y">TH</subfield>
  </datafield>
</record>
